000 00292 a2200121 4500
001 146259
040 _cEscola São Tomás de Aquino
100 _aAZEVEDO, Artur
240 1 0 _aHistórias sobre ética
_lpor
245 1 0 _aHistórias sobre ética
697 _a*LITERATURA JUVENIL
942 _cBK
999 _c146259
_d146259